Mass communication theory : (Record no. 351627)

000 -LEADER
fixed length control field 01432cam a2200349 a 4500
001 - CONTROL NUMBER
control field 12807026
003 - CONTROL NUMBER IDENTIFIER
control field OSt
005 - DATE AND TIME OF LATEST TRANSACTION
control field 20180116183051.0
008 - FIXED-LENGTH DATA ELEMENTS--GENERAL INFORMATION
fixed length control field 020531s2003 cau b 001 0 eng
010 ## - LIBRARY OF CONGRESS CONTROL NUMBER
LC control number 2002107738
020 ## - INTERNATIONAL STANDARD BOOK NUMBER
International Standard Book Number 0534561632
040 ## - CATALOGING SOURCE
Original cataloging agency DLC
Transcribing agency DLC
Modifying agency DLC
050 00 - LIBRARY OF CONGRESS CALL NUMBER
Classification number P90
Item number .B285 2003
082 00 - DEWEY DECIMAL CLASSIFICATION NUMBER
Classification number 302.2301 BAR 2003
Edition number 22
100 1# - MAIN ENTRY--PERSONAL NAME
Personal name Baran, Stanley J.
245 10 - TITLE STATEMENT
Title Mass communication theory :
Remainder of title foundations, ferment, and future /
Statement of responsibility, etc. Stanley J. Baran, Dennis K. Davis.
250 ## - EDITION STATEMENT
Edition statement 3rd ed.
260 ## - PUBLICATION, DISTRIBUTION, ETC.
Place of publication, distribution, etc. Belmont, CA :
Name of publisher, distributor, etc. Thomson/Wadsworth,
Date of publication, distribution, etc. c2003.
300 ## - PHYSICAL DESCRIPTION
Extent xviii, 406 p. ;
Dimensions 24 cm.
440 ## - SERIES STATEMENT/ADDED ENTRY--TITLE
Title Mass communication theory :
490 1# - SERIES STATEMENT
Series statement Wadsworth series in mass communication & journalism
504 ## - BIBLIOGRAPHY, ETC. NOTE
Bibliography, etc. note Includes bibliographical references (p. 383-398) and index.
650 #0 - SUBJECT ADDED ENTRY--TOPICAL TERM
Topical term or geographic name entry element Mass media
General subdivision Philosophy.
700 1# - ADDED ENTRY--PERSONAL NAME
Personal name Davis, Dennis K.
830 #0 - SERIES ADDED ENTRY--UNIFORM TITLE
Uniform title Wadsworth series in mass communication and journalism
856 42 - ELECTRONIC LOCATION AND ACCESS
Materials specified Contributor biographical information
Uniform Resource Identifier <a href="http://www.loc.gov/catdir/enhancements/fy1515/2002107738-b.html">http://www.loc.gov/catdir/enhancements/fy1515/2002107738-b.html</a>
856 42 - ELECTRONIC LOCATION AND ACCESS
Materials specified Publisher description
Uniform Resource Identifier <a href="http://www.loc.gov/catdir/enhancements/fy1515/2002107738-d.html">http://www.loc.gov/catdir/enhancements/fy1515/2002107738-d.html</a>
856 41 - ELECTRONIC LOCATION AND ACCESS
Materials specified Table of contents only
Uniform Resource Identifier <a href="http://www.loc.gov/catdir/enhancements/fy1515/2002107738-t.html">http://www.loc.gov/catdir/enhancements/fy1515/2002107738-t.html</a>
906 ## - LOCAL DATA ELEMENT F, LDF (RLIN)
a 7
b cbc
c orignew
d 3
e epcn
f 20
g y-gencatlg
942 ## - ADDED ENTRY ELEMENTS (KOHA)
Source of classification or shelving scheme
Koha item type Book
Holdings
Withdrawn status Lost status Source of classification or shelving scheme Damaged status Not for loan Collection code Permanent Location Current Location Shelving location Date acquired Total Checkouts Full call number Barcode Date last seen Date last checked out Price effective from Koha item type
            Central Library (CL) Central Library (CL) General Stacks 08/12/2016 2 302.2301 BAR 2003 NBSD-2689 01/12/2022 12/14/2021 08/12/2016 Book
© 2023 Central Library, National University of Sciences and Technology. All Rights Reserved.